000 00380nam a2200157Ia 4500
008 230917s9999||||xx |||||||||||||| ||und||
020 _cRS14.25
040 _e24385
_aMAIN
041 _aEnglish
082 _a514 K287G
100 _aKelley, John L
245 0 _aGeneral topology
260 _aNew Delhi
_bAffiliated East-West Press
_c1969
300 _axiv,298 p.
942 _cBK
999 _c88472
_d88472